[Event "Foment Martinenc op-C 19st"]
[Site "Barcelona"]
[Date "2017.05.13"]
[Round "4.30"]
[White "Romeu Viladot, Emili"]
[Black "Tordera Jumilla, Joaquim"]
[Result "1-0"]
[WhiteElo "1691"]
[BlackElo "1377"]
[PlyCount "66"]
[EventDate "2017.04.22"]
[EventType "swiss"]
[EventRounds "9"]
[EventCountry "ESP"]
[SourceTitle "EXT 2024"]
[Source "ChessBase"]
[SourceDate "2023.10.10"]
[SourceVersion "1"]
[SourceVersionDate "2023.10.10"]
[SourceQuality "1"]

1. d4 f6 2. Nf3 d5 3. e3 a6 4. Bd3 Nc6 5. 0-0 g5 6. Ne1 Be6 7. f4 Nb4 8. Be2 h6 9. a3 Nc6 10. Nd3 b6 11. Bh5+ Kd7 12. f5 Bxf5 13. Rxf5 Kc8 14. Bg4 Kb8 15. Nd2 e6 16. Rf1 f5 17. Be2 Bg7 18. Nb4 Qd6 19. Nxc6+ Qxc6 20. c4 Ne7 21. b4 Rf8 22. c5 b5 23. Nb3 g4 24. Na5 Qd7 25. Qc2 c6 26. a4 Kc7 27. Bd2 f4 28. Bxg4 h5 29. Bxh5 Rf5 30. Bf3 Bh6 31. exf4 Bxf4 32. Bxf4+ Rxf4 33. Qd2 Raf8 1-0

[Event "Sant Adria de Besos op 11th"]
[Site "Sant Adria de Besos"]
[Date "2015.05.10"]
[Round "3.27"]
[White "Fuentes Giner, Enrique"]
[Black "Tordera Jumilla, Joaquim"]
[Result "1/2-1/2"]
[WhiteElo "1765"]
[BlackElo "1613"]
[PlyCount "75"]
[EventDate "2015.04.12"]
[EventType "swiss"]
[EventRounds "9"]
[EventCountry "ESP"]
[SourceTitle "EXT 2024"]
[Source "ChessBase"]
[SourceDate "2023.10.10"]
[SourceVersion "1"]
[SourceVersionDate "2023.10.10"]
[SourceQuality "1"]

1. d4 d5 2. Nf3 Nc6 3. Bf4 Bf5 4. c3 Nf6 5. h3 Qd7 6. e3 a6 7. Bd3 Bxd3 8. Qxd3 Ne4 9. 0-0 f6 10. Re1 g5 11. Bh2 g4 12. hxg4 Qxg4 13. Qf1 0-0-0 14. Nfd2 Nxd2 15. Nxd2 Rg8 16. f3 Qg6 17. Qf2 e5 18. Re2 Bh6 19. Kh1 Qf7 20. Rg1 Bg5 21. f4 exf4 22. exf4 Bh6 23. Rge1 Qh5 24. Re3 f5 25. Rh3 Qg6 26. Rg3 Qf7 27. Nb3 Bf8 28. Rxg8 Qxg8 29. Re3 Bd6 30. Qe2 Qf7 31. Nd2 h5 32. Nf3 Qf6 33. Re8 Kd7 34. Rxd8+ Kxd8 35. Ng5 Kc8 36. Qxh5 Qe7 37. Qd1 Qe3 38. Nh3 1/2-1/2